00457cam a22001337a 4500008004000000082001500040100001500055245008100070260002900151300001000180650002800190999001900218952008600237180718b1977 xxu||||| |||| 00| 0 eng d aQ80x54 D26 aDas, Sukla aCrime and punishment in ancient India, C.A.D. 300 to A.D. 1100cby Sukla Das aNew DelhibAbhinavc1977 a173p. aCrime - History - India c343509d343509 00104070aIIPAbIIPAd1993-09-29oQ80x54 D26p52400r2018-07-21w2018-07-21yBK